Central Library OPAC University of Rajshahi

poems of Michael Drayton / (Record no. 19665)

MARC details
000 -LEADER
fixed length control field 00714caa a22002531 4500
001 - CONTROL NUMBER
control field 19665
003 - CONTROL NUMBER IDENTIFIER
rucl marc code BD-RjUL
005 - DATE AND TIME OF LATEST TRANSACTION
control field 20211209000448.0
008 - FIXED-LENGTH DATA ELEMENTS--GENERAL INFORMATION
fixed length control field 140225s1953 enk 000 1 eng d
035 ## - SYSTEM CONTROL NUMBER
System control number (BD-RjUL)19725
System control number (OCoLC)13097593
040 ## - CATALOGING SOURCE
Original cataloging agency DLC
Transcribing agency Vi
Modifying agency Vi
-- DLC
-- BD-RjUL
Language of cataloging eng
041 ## - LANGUAGE CODE
Language code of text/sound track or separate title eng
082 00 - DEWEY DECIMAL CLASSIFICATION NUMBER
Classification number 823.3
Author mark and year DRP 1953
100 1# - MAIN ENTRY--PERSONAL NAME
Personal name Drayton, Michael,
Dates associated with a name 1563-1631.
9 (RLIN) 60429
245 14 - TITLE STATEMENT
Title poems of Michael Drayton /
Statement of responsibility, etc. Michael, Drayton
260 ## - PUBLICATION, DISTRIBUTION, ETC. (IMPRINT)
Place of publication, distribution, etc. London :
Name of publisher, distributor, etc. Routledge and Kegan Paul Ltd,
Date of publication, distribution, etc. 1953
300 ## - PHYSICAL DESCRIPTION
Pagination 309-723p. ;
Size 18 cm.
600 ## - SUBJECT ADDED ENTRY--PERSONAL NAME
Dates associated with a name Michael Drayton
700 1# - ADDED ENTRY--PERSONAL NAME
Personal name Buxton, John
942 ## - ADDED ENTRY ELEMENTS (KOHA)
Source of classification or shelving scheme Dewey Decimal Classification
Koha item type Books
Holdings
Lost status Source of classification or shelving scheme Damaged status Not for loan Collection code Permanent Location Current Location Shelving location Date acquired Source of acquisition Cost, normal purchase price Total Checkouts Full call number Date last seen Copy number Koha item type
  Dewey Decimal Classification   Not For Loan Fiction Central Library, University of Rajshahi Central Library, University of Rajshahi Reading Room 04/02/1956 A.B..C 24.60   823.3 DRP V-2 1953 25/02/2014 C-1 Books
  Dewey Decimal Classification   Not For Loan Non-fiction Central Library, University of Rajshahi Central Library, University of Rajshahi Reading Room 04/02/1956 A.B.C. 24.00   823.3 DRP 1953 V-1 03/03/2020 C-1 Books